Hacienda pública : (Registro nro. 4250)

Detalles MARC
000 -LEADER
fixed length control field 01278nam a2200289Ia 4500
003 - CONTROL NUMBER IDENTIFIER
control field OSt
005 - DATE AND TIME OF LATEST TRANSACTION
control field 20200630154438.0
008 - FIXED-LENGTH DATA ELEMENTS--GENERAL INFORMATION
fixed length control field 191128t1992 sp fr 000 0 spa d
020 ## - INTERNATIONAL STANDARD BOOK NUMBER
International Standard Book Number 8476157568
040 ## - CATALOGING SOURCE
Original cataloging agency CO-JMCR
Transcribing agency CO-JMCR
041 1# - LANGUAGE CODE
Language code of text/sound track or separate title spa
Language code of original eng
082 04 - DEWEY DECIMAL CLASSIFICATION NUMBER
Classification number 336.001 /
Item number M873h
Edition number 23
100 1# - MAIN ENTRY--PERSONAL NAME
Personal name Musgrave, Richard Abel,
Relator term autor
9 (RLIN) 6347
245 10 - TITLE STATEMENT
Title Hacienda pública :
Remainder of title teórica y aplicada /
Statement of responsibility, etc. Richard A. Musgrave, Peggy B. Musgrave ; traductores Juan Francisco Corona Ramón, Juan Carlos Costas Terrones, Amelia Díaz Alvarez ; revisor técnico Jose María Lozano Irueste
250 ## - EDITION STATEMENT
Edition statement Quinta edición
260 ## - PUBLICATION, DISTRIBUTION, ETC.
Place of publication, distribution, etc. Madrid :
Name of publisher, distributor, etc. Mcgraw-Hill,
Date of publication, distribution, etc. ©1992
300 ## - PHYSICAL DESCRIPTION
Extent 779 páginas ;
Dimensions 24 cm.
500 ## - GENERAL NOTE
General note Título original: Public finance in theory and practice.
505 0# - FORMATTED CONTENTS NOTE
Formatted contents note Las funciones fiscales: una panorámica -- El sector público en la contabilidad nacional -- Instituciones fiscales -- Asignacion, distribución y elección pública
650 14 - SUBJECT ADDED ENTRY--TOPICAL TERM
Topical term or geographic name entry element Hacienda pública
9 (RLIN) 6348
650 14 - SUBJECT ADDED ENTRY--TOPICAL TERM
Topical term or geographic name entry element Impuestos
9 (RLIN) 6349
700 1# - ADDED ENTRY--PERSONAL NAME
Personal name Musgrave, Peggy B.,
Relator term autor
9 (RLIN) 6350
700 1# - ADDED ENTRY--PERSONAL NAME
Personal name Corona Ramon, Juan Francisco,
Dates associated with a name traductor
9 (RLIN) 6351
700 1# - ADDED ENTRY--PERSONAL NAME
Personal name Costa Terrones, Juan Carlos,
Relator term traductor
9 (RLIN) 6352
700 1# - ADDED ENTRY--PERSONAL NAME
Personal name Alvarez, Amelia Diaz,
Relator term traductora
9 (RLIN) 6353
942 ## - ADDED ENTRY ELEMENTS (KOHA)
Source of classification or shelving scheme Dewey Decimal Classification
Koha item type Books
Existencias
Withdrawn status Lost status Source of classification or shelving scheme Damaged status Not for loan Home library Current library Date acquired Source of acquisition Cost, normal purchase price Total Checkouts Full call number Barcode Date last seen Date last checked out Copy number Koha item type
    Dewey Decimal Classification     Biblioteca Pública José María del Castillo y Rada Biblioteca Pública José María del Castillo y Rada 12/01/2017 Donación 0.00 1 336.001 / M873h 201809080 03/06/2025 02/24/2025 Ej.1 Books